Loading...

Assamese short stories : an anthology /

Bibliographic Details
Main Author: Bardoloi, Nirmalprabha .
Format: Printed Book
Published: New Delhi : Vikas Publishing House. 1982.
Subjects:
LEADER 00448cam a2200133ua 4500
999 |c 30556  |d 30556 
082 1 4 |a 891.4513  |b ASS 
100 1 |a Bardoloi, Nirmalprabha . 
245 0 0 |a Assamese short stories :   |b an anthology /  
260 |a New Delhi :   |b Vikas Publishing House.  |c 1982. 
300 |a 175p. ;  
650 0 |a Assamese literature 
942 |c BK 
952 |0 0  |1 0  |4 0  |6 891_451300000000000_ASS  |7 0  |9 39121  |a KU  |b KU  |d 2015-07-05  |l 0  |o 891.4513 ASS  |p EN11023  |r 2015-07-05  |y BK